00793 a2200217 4500999001900000005001700019010001500036020003100051035001400082037001300096082001800109245008300127260004400210270007800254300002900332700001500361700002000376700002000396942003400416952012500450 c183177d18317720211220102900.0 aENG-130407 a978-93-91138-46-2c1395.00 aEN-113939 bDBAD/PUB a302.230954b1 aMany Voices, Many Worlds:bCritical Perspectives on Community Media in India / aIndiabSage Publications Pvt Ltd.c2021 aBI/I-I Mohan Cooperative Industrial Area Mathura Road bNew Delhie110044 a342p.c22cm (hb)bindex. aFaiz Ullah aAnjali Monteiro aK.P. Jayasankar adplcEN2ddch302.230954mMAN 001040708NFICaMbMd2021-12-20eDBAD/PUBg1395.00l0o302.230954 MANpEN-113939r2021-12-20 00:00:00t1v1395.00yEN